Представление документа в формате RUSMARC

ПолеНазваниеЗначение
  Тип записи c
  Библиографический уровень m
001 Контрольный номер RU/УОНБ/EK_N/371316835
005 Дата корректировки 20260219133858.5
010 Индекс ISBN __
9 Тираж 500 экз.
013 Номер (ISMN) __
d Цена 80 р. 73 к.
071 Издательские номер (звукозапись и ноты) 21
a Номер, присвоенный агентством 3488
100 Данные общей обработки __
a Данные общей обработки 20111007d2004 u y0rusy0189 ca
101 Язык документа 0_
a Язык текста rus
102 Страна публикации __
a Страна публикации RU
105 Кодированные данные (монография) __
a Кодированные данные (монография) y###||||000|y
200 Заглавие и сведения об ответственности 1_
a Заглавие Вып. 5
f Первые сведения об ответственности легкое перелож. Г. И. Фиртича
210 Выходные данные 1_
d Дата издания 2004
215 Физическое описание __
a Объем 28 c.
300 Общие примечания __
a Общие примечания [Вступ.ст. ред.]
327 Примечание о содержании 11
a Примечание о содержании Содерж.: Страделла А. Если помогут слезы печальные. - Моцарт В. А. Лакримоза : из "Реквиема". - Боккерини Л. Менуэт. - Бизе Ж. Ария Хозе : из оперы "Кармен". - Верди Дж. Песня Азучены : из оперы "Трубадур". - Сен-Санс К. Лебедь. - Сибелиус Я. Грустный вальс. - Рубинштейн А. Романс. - Чайковский П. Интродукция : из балета "Лебединое озеро". - Гуно Ш. Вальс Джульетты : из оперы "Ромео и Джульетта". - Чайковский П. Вальс : из балета "Спящая красавица". - Чайковский П. Вальс : из балета "Лебединое озеро"
461 Уровень набора _0
1 001RU/УОНБ/EK_N/371310963
1 200
a Легкая классика
b [Ноты]
d Light classics
e для фп.
z eng
v Вып. 5
1 210
a СПб.
c Композитор
d 2004
1 225
a Мое удовольствие
d Mon plaisir
464 Аналитический уровень _0
1 2001
a Если помогут слезы печальные
1 700 1
a Страделла
b А.
4 230
464 Аналитический уровень _0
1 2001
a Лакримоза
e из "Реквиема"
1 700 1
a Моцарт
b В.
4 230
1 50010
a Реквием
464 Аналитический уровень _0
1 2001
a Менуэт
1 700 1
a Боккерини
b Л.
4 230
464 Аналитический уровень _0
1 2001
a Ария Хозе
e из оперы "Кармен"
1 700 1
a Бизе
b Ж.
4 230
1 50010
a Кармен
464 Аналитический уровень _0
1 2001
a Песня Азучены
e из оперы "Трубадур"
1 700 1
a Верди
b Дж.
4 230
1 50010
a Трубадур
464 Аналитический уровень _0
1 2001
a Лебедь
1 700 1
a Сен-Санс
b К.
4 230
464 Аналитический уровень _0
1 2001
a Грустный вальс
1 700 1
a Сибелиус
b Я.
4 230
464 Аналитический уровень _0
1 2001
a Романс
1 700 1
a Рубинштейн
b А.
4 230
464 Аналитический уровень _0
1 2001
a Интродукция
e из балета "Лебединое озеро"
1 700 1
a Чайковский
b П.
4 230
1 50010
a Лебединое озеро
464 Аналитический уровень _0
1 2001
a Вальс Джульетты
e из оперы "Ромео и Джульетта"
1 700 1
a Гуно
b Ш.
4 230
1 50010
a Ромео и Джульетта
464 Аналитический уровень _0
1 2001
a Вальс
e из балета "Спящая красавица"
1 700 1
a Чайковский
b П.
4 230
1 50010
a Спящая красавица
464 Аналитический уровень _0
1 2001
a Вальс
e из балета "Лебединое озеро"
1 700 1
a Чайковский
b П.
4 230
1 50010
a Лебединое озеро
606 Тематические рубрики 0_
a Основная рубрика Переложения для фортепиано
x Основная подрубрика Отрывки из балетов
x Основная подрубрика Отрывки из опер
610 Ключевые слова 0_
a Ключевые слова отрывки из опер
610 Ключевые слова 0_
a Ключевые слова отрывки из балетов
610 Ключевые слова 0_
a Ключевые слова переложения для фортепиано
686 Индексы других классификаций __
a Классификационный индекс 85.954.2-09я43
2 Код системы rubbk
702 Вторичная интеллектуальная ответственность _1
a Фамилия Фиртич
b Имя (инициалы) Г.
4 Код отношения 030
801 Источник записи _0
a Страна RU
b Организация Ульяновская ОНБ
c Дата составления 20111007
g Правила каталогизации RCR
801 Источник записи _1
a Страна RU
b Организация IS
c Дата составления 20111007
g Правила каталогизации RCR
901 Тип документа __
t Тип документа n
w Контрольный № источника RU/УОНБ/EK_N/371310963
909 Создатель записи __
a Создатель записи Лобина Л. И.
910 Корректоры записи __
a Корректор записи Илямакова
938 Служебная информация __
a Имя БД noti
b Имя библиотеки УОНБ
c Имя АИБС МАРК-SQL
d Номер DOC_ID в БД 9140